000 00324nam a22001337a 4500
008 181030b xxu||||| |||| 00| 0 eng d
020 _a0471085367
041 _aeng
080 _a610.73
100 _a2
101 _aINF
245 _aFamily Health A Theoretical Approach to Nursing Care
_cClements,I.W
942 _2udc
_cBK
999 _c51077
_d51077